00816nam a2200229 i 4500001000700000003000900007005001700016007000300033008004100036080001200077100003800089245005700127260003600184300003200220490003800252650003500290710003300325830005500358852003200413999001900445952012200464135538ES-MaACL20250817062557.0t|070719s1972 sp ||||1| spa d a611.1271 aTorrent Guasp, Francisco.911083713aEl músculo cardíaco / cFrancisco Torrent Guasp. aMadrid : bGuadarrama, c[1972] a40 p., 46 lám. ; c21 cm.1 aPub. de la Fundación Juan March14aCorazón-xAnatomía.9113632 aFundación Juan March9434600aPublicaciones de la Fundación Juan March9233016 aES-MaACLjC-45709 bR.83928 c135538d135538 00104070aATENEOMbATENEOMcDEPO2d2008-01-17eSCl0oC-45709p1141065r2023-02-23 00:00:00w2023-02-23yMONOGRAFIA